| 000 | 00852nam a22002175i 4500 | ||
|---|---|---|---|
| 001 | 167191 | ||
| 003 | ES-MaACL | ||
| 005 | 20251004063217.0 | ||
| 008 | 050921s1874 fr | |||||||| ||fre d | ||
| 040 |
_aCAM _bspa _cCAM |
||
| 100 | 1 |
_aVera, Augusto, _d1813-1885 _9133627 |
|
| 245 | 1 | 0 |
_aCavour et l'Eglise libre dans l'état libre / _cpar A. Véra. |
| 250 | _aEd. française avec un préface et des notes. | ||
| 260 |
_aNaples : _bDetken et Rocholl ; _aParis : _bGermer Baillière, _c1874 ( _fImprimerie de L'Union) |
||
| 300 |
_aLXXXVII, 196 p. ; _c24 cm. |
||
| 600 | 1 | 4 |
_aCavour, Camillo ( _d1810-1861) _9176214 |
| 650 | 7 |
_aIglesia y Estado _2embne _913554 |
|
| 852 |
_aES-MaACL _jT-253-F-4 _z-- Enc. hol., falto de la cub. original _z-- Enc. en un vol. facticio |
||
| 852 |
_aES-MaACL _jD-4516 _z-- Enc. hol. |
||
| 999 |
_c167191 _d167191 |
||